Statistiques concernant Acteurs américains 3

Cliquez ici pour prendre le quiz!

Statistiques générales

  • Ce quiz a été pris 616 fois
  • Le résultat moyen est 10 sur 15

Statistiques - réponses

Réponse% Correct
Brad Pitt
98%
Leonardo DiCaprio
98%
Will Smith
96%
Tom Cruise
90%
Morgan Freeman
89%
George Clooney
88%
Tom Hanks
87%
Samuel L Jackson
71%
Robin Williams
69%
Jack Nicholson
56%
Jamie Foxx
51%
Sean Penn
42%
Mel Gibson
41%
Kevin Costner
35%
Danny DeVito
33%

Distribution des résultats

Percentile par nombre de réponses

% des personnes avec chaque résultat

Votre développement - résultats

Vous n’avez pas pris ce quiz